[Event "Copenhagen Chess Challenge 2008"]
[Site "Ballerup"]
[Date "2008.??.??"]
[Round "1"]
[White "Bejtovic, Jasmin"]
[Black "Brauener, Jonathan"]
[Result "1-0"]
[WhiteElo "2364"]
[BlackElo "1920"]
[PlyCount "61"]
[EventDate "2008.??.??"]
[EventType "swiss"]
[EventRounds "9"]
[EventCountry "DEN"]

1. e4 c5 2. Nf3 Nc6 3. d4 cxd4 4. Nxd4 Nf6 5. Nc3 e6 6. Ndb5 a6 7. Nd6+ Bxd6 8.
Qxd6 Qe7 9. Bf4 Nh5 10. Qxe7+ Kxe7 11. Bg5+ f6 12. Be3 g6 13. O-O-O b5 14. Be2
Ng7 15. Bc5+ Kf7 16. Rd2 Re8 17. h4 Rb8 18. h5 e5 19. a4 b4 20. Nd5 a5 21.
hxg6+ hxg6 22. Bc4 Nd8 23. Nc7+ Nde6 24. Nxe8 Nxe8 25. Rh7+ Kg8 26. Rhxd7 Bxd7
27. Rxd7 N8g7 28. Be7 f5 29. Bf6 Kf8 30. Bxg7+ Nxg7 31. Rf7+ 1-0

[Event "Copenhagen Chess Challenge 2008"]
[Site "Ballerup"]
[Date "2008.??.??"]
[Round "1"]
[White "Christensen, Esben"]
[Black "Mikkelsen, Nikolaj"]
[Result "0-1"]
[WhiteElo "2038"]
[BlackElo "2392"]
[PlyCount "40"]
[EventDate "2008.??.??"]
[EventType "swiss"]
[EventRounds "9"]
[EventCountry "DEN"]

1. e4 g6 2. Nf3 Bg7 3. d4 d6 4. h3 Nd7 5. Be2 e5 6. Be3 Ngf6 7. Nc3 O-O 8. dxe5
dxe5 9. O-O Qe7 10. Bc4 c6 11. a4 Nc5 12. Nd2 Rd8 13. Qe2 Ne6 14. Bxe6 Bxe6 15.
Rfd1 Qb4 16. Rab1 Rd7 17. f3 Rad8 18. Bxa7 b6 19. Nf1 Qa5 20. Rxd7 Nxd7 0-1

[Event "Copenhagen Chess Challenge 2008"]
[Site "Ballerup"]
[Date "2008.??.??"]
[Round "1"]
[White "Grove, Peter"]
[Black "Glud, Jakob Vang"]
[Result "0-1"]
[WhiteElo "2073"]
[BlackElo "2456"]
[PlyCount "94"]
[EventDate "2008.??.??"]
[EventType "swiss"]
[EventRounds "9"]
[EventCountry "DEN"]

1. e4 e5 2. Nc3 Nf6 3. f4 d6 4. fxe5 dxe5 5. Nf3 Nbd7 6. Bc4 Bc5 7. d3 c6 8.
Bg5 h6 9. Bh4 Qe7 10. Qd2 b5 11. Bb3 Bb6 12. a3 Nc5 13. Ba2 Be6 14. b4 Ncd7 15.
Bxe6 Qxe6 16. Bf2 Bxf2+ 17. Qxf2 a5 18. O-O O-O 19. Qd2 Ra7 20. Nh4 Rfa8 21.
Rab1 Ne8 22. Nd1 axb4 23. axb4 Ra1 24. Rxa1 Rxa1 25. Qc3 Ra4 26. Ne3 g6 27. Nf3
Nef6 28. Ra1 Rxa1+ 29. Qxa1 Qd6 30. Qc3 Kg7 31. Nf1 Nh5 32. N1d2 Nf4 33. Kf2
Qe6 34. h3 Qd6 35. Nb3 Ne6 36. g3 f6 37. Kg2 h5 38. Na5 Nd8 39. d4 exd4 40.
Nxd4 Ne5 41. Nf3 Nxf3 42. Kxf3 Ne6 43. Ke2 Ng5 44. Qxc6 Qxg3 45. Qxb5 Qf3+ 46.
Kd2 Nxe4+ 47. Kc1 Qa3+ 0-1

[Event "Copenhagen Chess Challenge 2008"]
[Site "Ballerup"]
[Date "2008.??.??"]
[Round "1"]
[White "Hartsteen, Mark"]
[Black "Semcesen, Daniel"]
[Result "0-1"]
[WhiteElo "1909"]
[BlackElo "2351"]
[PlyCount "66"]
[EventDate "2008.??.??"]
[EventType "swiss"]
[EventRounds "9"]
[EventCountry "DEN"]

1. c4 f5 2. g3 Nf6 3. Bg2 g6 4. Nc3 Bg7 5. Nf3 O-O 6. O-O d6 7. d4 c6 8. e3 Qe8
9. b3 Na6 10. Bb2 Bd7 11. a3 e5 12. dxe5 dxe5 13. Qc2 Qe7 14. Rad1 Rae8 15.
Rfe1 e4 16. Nd4 Ng4 17. Nde2 Ne5 18. Rd2 g5 19. Red1 Bc8 20. Nd4 Qf7 21. Nce2
Qh5 22. Nc1 Rf6 23. b4 Nc7 24. Ncb3 Rh6 25. h3 f4 26. exf4 gxf4 27. Qxe4 fxg3
28. fxg3 Nxc4 29. g4 Rxe4 30. gxh5 Nxd2 31. Rxd2 Re8 32. Nc5 Rxh5 33. Ne4 Bxh3
0-1

[Event "Copenhagen Chess Challenge 2008"]
[Site "Ballerup"]
[Date "2008.??.??"]
[Round "1"]
[White "Haubro, Sigfred"]
[Black "Rasmussen, Allan Stig"]
[Result "0-1"]
[WhiteElo "2130"]
[BlackElo "2510"]
[PlyCount "76"]
[EventDate "2008.??.??"]
[EventType "swiss"]
[EventRounds "9"]
[EventCountry "DEN"]

1. e4 c6 2. d4 d5 3. exd5 cxd5 4. Bd3 Nc6 5. c3 Qc7 6. Ne2 Bg4 7. f3 Bd7 8. Bf4
e5 9. dxe5 Nxe5 10. O-O Bd6 11. Nd4 Ne7 12. a4 O-O 13. Bg3 a6 14. Qc2 N7g6 15.
Bxg6 hxg6 16. Nd2 Rfe8 17. Kh1 Rac8 18. Rfe1 Qb6 19. N2b3 a5 20. Nb5 Bb8 21.
Bf2 Qd8 22. Rad1 Bf5 23. Qd2 Nc4 24. Rxe8+ Qxe8 25. Qxd5 Nxb2 26. Re1 Be6 27.
Qe4 Qd8 28. Nc5 Bd5 29. Qc2 Nc4 30. Rd1 Qg5 31. Nd7 Bf4 32. h4 Qh5 33. Qd3 Ne3
34. Re1 Nxg2 35. Kxg2 Qg4+ 36. Kf1 Qh3+ 37. Ke2 Re8+ 38. Kd1 Bb3+ 0-1

[Event "Copenhagen Chess Challenge 2008"]
[Site "Ballerup"]
[Date "2008.??.??"]
[Round "1"]
[White "Johansson, Alexander"]
[Black "Smith, Axel"]
[Result "0-1"]
[WhiteElo "2046"]
[BlackElo "2428"]
[PlyCount "72"]
[EventDate "2008.??.??"]
[EventType "swiss"]
[EventRounds "9"]
[EventCountry "DEN"]

1. d4 d5 2. e3 Nf6 3. Bd3 c5 4. c3 e6 5. f4 Be7 6. Nf3 O-O 7. Nbd2 b6 8. Qe2
Bb7 9. Ne5 Ne4 10. Nxe4 dxe4 11. Bc4 Bd5 12. O-O f6 13. Ng4 cxd4 14. exd4 f5
15. Ne3 Bxc4 16. Qxc4 Qc8 17. Qb3 Nc6 18. a4 Kh8 19. Qa2 Qd7 20. b4 Bf6 21. Bb2
Ne7 22. Rfe1 Nd5 23. g3 Rac8 24. Rac1 g5 25. Nxd5 exd5 26. fxg5 Bxg5 27. Rc2 f4
28. Bc1 Rg8 29. Rg2 f3 30. Rc2 Bxc1 31. Rcxc1 Qh3 32. Qf2 Rg4 33. Kh1 h5 34.
Rg1 Rcg8 35. c4 h4 36. gxh4 Rg2 0-1

[Event "Copenhagen Chess Challenge 2008"]
[Site "Ballerup"]
[Date "2008.??.??"]
[Round "1"]
[White "Knudsen, Jes West"]
[Black "Olsson, Linus"]
[Result "0-1"]
[WhiteElo "1980"]
[BlackElo "2372"]
[PlyCount "74"]
[EventDate "2008.??.??"]
[EventType "swiss"]
[EventRounds "9"]
[EventCountry "DEN"]

1. e4 c5 2. Nf3 d6 3. Bb5+ Nd7 4. c3 Ngf6 5. d3 a6 6. Ba4 b5 7. Bc2 Bb7 8. O-O
e5 9. Nbd2 g6 10. Re1 Bg7 11. a4 O-O 12. Nf1 Re8 13. Bg5 h6 14. Bh4 Qc7 15. h3
d5 16. axb5 axb5 17. Rxa8 Rxa8 18. Ne3 d4 19. Ng4 Nxg4 20. hxg4 Qa5 21. cxd4
cxd4 22. Be7 Re8 23. Bh4 Nc5 24. Qd2 b4 25. Rc1 Ba6 26. Ne1 Qb5 27. b3 g5 28.
Bg3 Bc8 29. Qd1 Be6 30. Ra1 Qd7 31. f3 f6 32. Ra5 Bf8 33. Qb1 Qf7 34. Rb5 Ra8
35. Rxb4 Nxe4 36. dxe4 Bxb4 37. Nd3 Bc3 0-1

[Event "Copenhagen Chess Challenge 2008"]
[Site "Ballerup"]
[Date "2008.??.??"]
[Round "1"]
[White "Movsziszian, Karen"]
[Black "Peschardt, Soren"]
[Result "1-0"]
[WhiteElo "2536"]
[BlackElo "2130"]
[PlyCount "67"]
[EventDate "2008.??.??"]
[EventType "swiss"]
[EventRounds "9"]
[EventCountry "DEN"]

1. e4 c5 2. d3 Nc6 3. g3 g6 4. Bg2 Bg7 5. f4 e6 6. Nf3 Nge7 7. O-O O-O 8. c3 d5
9. e5 Rb8 10. Re1 b6 11. Nbd2 Qc7 12. Nf1 Bb7 13. Be3 Rbd8 14. Bf2 c4 15. d4 b5
16. g4 b4 17. Bh4 bxc3 18. bxc3 Qa5 19. Qd2 Rb8 20. Ng3 Bc8 21. Bf6 Bd7 22. Bh3
Bh6 23. Rac1 Rb7 24. Ng5 Rfb8 25. f5 Rb2 26. Qf4 Qxa2 27. Bxe7 Bxg5 28. Bxg5
Rxh2 29. Ra1 Qb2 30. Bf1 Rc2 31. Ne2 exf5 32. Bf6 Rxe2 33. Qh6 Qxc3 34. Qg7#
1-0

[Event "Copenhagen Chess Challenge 2008"]
[Site "Ballerup"]
[Date "2008.??.??"]
[Round "1"]
[White "Skovgaard, Peter Nicolai"]
[Black "Haubro, Martin"]
[Result "1-0"]
[WhiteElo "2244"]
[BlackElo "1791"]
[PlyCount "45"]
[EventDate "2008.??.??"]
[EventType "swiss"]
[EventRounds "9"]
[EventCountry "DEN"]

1. e4 e5 2. Nf3 d6 3. d4 exd4 4. Nxd4 Be7 5. Nc3 Nf6 6. Be2 Bd7 7. O-O O-O 8.
f4 Nc6 9. Nf3 a6 10. Kh1 b5 11. e5 dxe5 12. fxe5 Ng4 13. Bf4 Bc5 14. Qd3 Nb4
15. Qd2 Nf2+ 16. Rxf2 Bxf2 17. Ne4 Nxc2 18. Qxc2 Bf5 19. Bd3 Bb6 20. Nf6+ gxf6
21. Bxf5 h5 22. exf6 Qxf6 23. Bh7+ 1-0

[Event "Copenhagen Chess Challenge 2008"]
[Site "Ballerup"]
[Date "2008.??.??"]
[Round "2"]
[White "Akdag, Dara Sevkan"]
[Black "Hartsteen, Mark"]
[Result "1-0"]
[WhiteElo "2095"]
[BlackElo "1909"]
[PlyCount "33"]
[EventDate "2008.??.??"]
[EventType "swiss"]
[EventRounds "9"]
[EventCountry "DEN"]

1. d4 Nf6 2. c4 g6 3. Nc3 d5 4. cxd5 Nxd5 5. e4 Nb6 6. Be3 Bg7 7. Bb5+ Bd7 8.
Be2 Nc6 9. d5 Ne5 10. Bxb6 cxb6 11. f4 Nc4 12. Bxc4 Rc8 13. Qd3 O-O 14. Nge2
Qc7 15. Bb5 Bg4 16. O-O Qc5+ 17. Kh1 1-0

[Event "Copenhagen Chess Challenge 2008"]
[Site "Ballerup"]
[Date "2008.??.??"]
[Round "2"]
[White "Brauener, Jonathan"]
[Black "Haubro, Sigfred"]
[Result "0-1"]
[WhiteElo "1920"]
[BlackElo "2130"]
[PlyCount "78"]
[EventDate "2008.??.??"]
[EventType "swiss"]
[EventRounds "9"]
[EventCountry "DEN"]

1. e4 d5 2. exd5 Qxd5 3. Nc3 Qa5 4. d4 Nf6 5. Bd2 c6 6. Bc4 Qc7 7. Nge2 b5 8.
Bd3 Bg4 9. a4 b4 10. Na2 a5 11. f3 Bh5 12. Bf4 Qb6 13. c4 e6 14. Be3 Bg6 15. b3
Be7 16. O-O O-O 17. Rc1 c5 18. Bxg6 hxg6 19. Qc2 Nc6 20. Rfd1 Rad8 21. dxc5
Bxc5 22. Bxc5 Qxc5+ 23. Kh1 g5 24. Rxd8 Rxd8 25. Rd1 Rxd1+ 26. Qxd1 g4 27. Nac1
gxf3 28. gxf3 Qf2 29. Ng1 Nd4 30. Nd3 Qe3 31. Nc1 g5 32. Kg2 Nh5 33. Kf1 Qc3
34. h3 Ng3+ 35. Kg2 Ngf5 36. Kf2 Qe3+ 37. Kf1 Qf4 38. Nd3 Ne3+ 39. Ke1 Qg3+ 0-1

[Event "Copenhagen Chess Challenge 2008"]
[Site "Ballerup"]
[Date "2008.??.??"]
[Round "2"]
[White "De Verdier, Michael"]
[Black "Brynell, Stellan"]
[Result "0-1"]
[WhiteElo "2225"]
[BlackElo "2461"]
[PlyCount "88"]
[EventDate "2008.??.??"]
[EventType "swiss"]
[EventRounds "9"]
[EventCountry "DEN"]

1. d4 e6 2. c4 Nf6 3. Nf3 b6 4. g3 Bb7 5. Bg2 Be7 6. O-O O-O 7. d5 Na6 8. Nc3
Bb4 9. dxe6 fxe6 10. Qc2 Nc5 11. Bd2 a5 12. Rad1 Qe8 13. Bf4 Bxc3 14. Qxc3 d6
15. Be3 Qh5 16. Bxc5 Ne4 17. Qe3 Nxc5 18. Rd4 e5 19. Rh4 Qg6 20. Ng5 Bxg2 21.
Kxg2 h6 22. Nf3 Rf6 23. h3 Raf8 24. b3 Rf4 25. Qd2 Kh7 26. Kh2 R4f5 27. Qe3 Qf6
28. Kg2 Kg8 29. Rg4 Qe6 30. Nd2 c6 31. Ne4 Nd7 32. Qd3 d5 33. cxd5 cxd5 34. Nc3
Nf6 35. Ra4 d4 36. Nd1 Rh5 37. Rh1 Nd5 38. e3 Kh8 39. exd4 e4 40. Qe2 Rhf5 41.
Rc4 Rf3 42. Rf1 Nf4+ 43. gxf4 Qxh3+ 44. Kg1 Qg4+ 0-1

[Event "Copenhagen Chess Challenge 2008"]
[Site "Ballerup"]
[Date "2008.??.??"]
[Round "2"]
[White "Eriksson, Christian Altenburg"]
[Black "Knudsen, Jes West"]
[Result "1/2-1/2"]
[WhiteElo "2129"]
[BlackElo "1980"]
[PlyCount "44"]
[EventDate "2008.??.??"]
[EventType "swiss"]
[EventRounds "9"]
[EventCountry "DEN"]

1. e4 d5 2. exd5 Nf6 3. d4 Bg4 4. Nf3 Nxd5 5. h3 Bh5 6. c4 Nb6 7. Nc3 e6 8. g4
Bg6 9. Ne5 Bb4 10. Bg2 Bxc3+ 11. bxc3 c6 12. O-O N8d7 13. Nxg6 hxg6 14. d5 e5
15. Qe2 cxd5 16. cxd5 O-O 17. Rd1 Rc8 18. Bd2 Nc4 19. Be3 Nxe3 20. Qxe3 Qa5 21.
Rdc1 Rc5 22. c4 Rfc8 1/2-1/2

[Event "Copenhagen Chess Challenge 2008"]
[Site "Ballerup"]
[Date "2008.??.??"]
[Round "2"]
[White "Glud, Jakob Vang"]
[Black "Bejtovic, Jasmin"]
[Result "1/2-1/2"]
[WhiteElo "2456"]
[BlackElo "2364"]
[PlyCount "57"]
[EventDate "2008.??.??"]
[EventType "swiss"]
[EventRounds "9"]
[EventCountry "DEN"]

1. c4 e5 2. g3 Nc6 3. Bg2 g6 4. Nc3 Bg7 5. e4 d6 6. Nge2 Nge7 7. d3 O-O 8. O-O
Be6 9. Nd5 Qd7 10. Be3 f5 11. Qd2 Rf7 12. d4 fxe4 13. Nxe7+ Nxe7 14. d5 Bh3 15.
Nc3 Bxg2 16. Kxg2 Qg4 17. Qc2 Qf3+ 18. Kg1 Qh5 19. Qxe4 Bh6 20. Bxh6 Qxh6 21.
Ne2 Nf5 22. Rac1 Raf8 23. a3 Nd4 24. Nxd4 Rxf2 25. h4 Rxf1+ 26. Rxf1 Rxf1+ 27.
Kxf1 Qc1+ 28. Kg2 Qxc4 29. Qg4 1/2-1/2

[Event "Copenhagen Chess Challenge 2008"]
[Site "Ballerup"]
[Date "2008.??.??"]
[Round "2"]
[White "Hansen, Lars Henrik Bech"]
[Black "Hansen, Martin"]
[Result "1/2-1/2"]
[WhiteElo "2072"]
[BlackElo "2107"]
[PlyCount "66"]
[EventDate "2008.??.??"]
[EventType "swiss"]
[EventRounds "9"]
[EventCountry "DEN"]

1. e4 e6 2. d4 d5 3. Nc3 Nf6 4. Bg5 dxe4 5. Bxf6 gxf6 6. Nxe4 f5 7. Ng3 c5 8.
dxc5 Qxd1+ 9. Rxd1 Bxc5 10. Nf3 Nc6 11. Bc4 Bd7 12. c3 Be7 13. O-O Rd8 14. Rfe1
O-O 15. Bb5 Bf6 16. Nh5 Bh8 17. Rd3 h6 18. Red1 Bc8 19. Bxc6 Rxd3 20. Rxd3 bxc6
21. Rd6 Bb7 22. Nd4 c5 23. Nc6 Bxc6 24. Rxc6 Rb8 25. b3 Bxc3 26. Rxc5 Rd8 27.
g3 Bd4 28. Rc2 Rd6 29. Nf4 e5 30. Ne2 Bb6 31. Kg2 Kg7 32. Ng1 Kf6 33. Nf3 e4
1/2-1/2

[Event "Copenhagen Chess Challenge 2008"]
[Site "Ballerup"]
[Date "2008.??.??"]
[Round "2"]
[White "Haubro, Martin"]
[Black "Grove, Peter"]
[Result "0-1"]
[WhiteElo "1791"]
[BlackElo "2073"]
[PlyCount "46"]
[EventDate "2008.??.??"]
[EventType "swiss"]
[EventRounds "9"]
[EventCountry "DEN"]

1. e4 e5 2. f4 exf4 3. Nf3 d6 4. Bc4 h6 5. d4 g5 6. h3 Bg7 7. Nc3 Ne7 8. a3 Be6
9. Bxe6 fxe6 10. Bd2 Ng6 11. Qe2 O-O 12. O-O-O Nc6 13. Qc4 Qd7 14. Rdg1 Qf7 15.
g3 d5 16. exd5 exd5 17. Qc5 Rad8 18. gxf4 Nxf4 19. Ne5 Nxe5 20. dxe5 d4 21. Ne4
Ne2+ 22. Kb1 Nxg1 23. Rxg1 Qd5 0-1

[Event "Copenhagen Chess Challenge 2008"]
[Site "Ballerup"]
[Date "2008.??.??"]
[Round "2"]
[White "Ivanov, Mikhail"]
[Black "Hvenekilde, Jorgen"]
[Result "1-0"]
[WhiteElo "2492"]
[BlackElo "2210"]
[PlyCount "39"]
[EventDate "2008.??.??"]
[EventType "swiss"]
[EventRounds "9"]
[EventCountry "DEN"]

1. d4 d6 2. g3 e5 3. dxe5 dxe5 4. Qxd8+ Kxd8 5. Nc3 c6 6. f4 Nd7 7. Nf3 f6 8.
Bh3 exf4 9. gxf4 Nc5 10. f5 g5 11. Be3 a5 12. Nxg5 Nh6 13. Bd4 Be7 14. Rf1 Ke8
15. O-O-O Rf8 16. Nge4 Nxe4 17. Nxe4 a4 18. Bc3 Ra6 19. Nd6+ Bxd6 20. Rxd6 1-0

[Event "Copenhagen Chess Challenge 2008"]
[Site "Ballerup"]
[Date "2008.??.??"]
[Round "2"]
[White "Mikkelsen, Nikolaj"]
[Black "Nilsson, Sebastian"]
[Result "1/2-1/2"]
[WhiteElo "2392"]
[BlackElo "2215"]
[PlyCount "84"]
[EventDate "2008.??.??"]
[EventType "swiss"]
[EventRounds "9"]
[EventCountry "DEN"]

1. e4 e6 2. d4 d5 3. Nc3 Bb4 4. e5 c5 5. Bd2 Ne7 6. Nb5 Bxd2+ 7. Qxd2 O-O 8. c3
Nbc6 9. f4 f6 10. Nf3 fxe5 11. fxe5 Nf5 12. dxc5 Nh4 13. Nbd4 Nxd4 14. Nxd4 Qc7
15. O-O-O Ng6 16. Re1 Bd7 17. Qe3 Qxc5 18. Bd3 b5 19. Bxg6 hxg6 20. h4 b4 21.
Kb1 bxc3 22. Rc1 Rab8 23. Rxc3 Qb6 24. Rb3 Qd8 25. Rxb8 Qxb8 26. Rc1 Rc8 27.
Rxc8+ Qxc8 28. Qd3 Qb8 29. Nf3 Qe8 30. b3 a5 31. a4 Qb8 32. Ka2 Qb6 33. Qd4 Qa6
34. Qd2 Qb6 35. Ng5 Be8 36. Qc2 Bd7 37. h5 Qe3 38. Qxg6 Qd2+ 39. Kb1 Qd1+ 40.
Kb2 Qd2+ 41. Kb1 Qd1+ 42. Kb2 Qd2+ 1/2-1/2

[Event "Copenhagen Chess Challenge 2008"]
[Site "Ballerup"]
[Date "2008.??.??"]
[Round "2"]
[White "Olsson, Linus"]
[Black "Movsziszian, Karen"]
[Result "1/2-1/2"]
[WhiteElo "2372"]
[BlackElo "2536"]
[PlyCount "111"]
[EventDate "2008.??.??"]
[EventType "swiss"]
[EventRounds "9"]
[EventCountry "DEN"]

1. d4 d6 2. c4 f5 3. g3 Nf6 4. Bg2 g6 5. Nh3 Bg7 6. Nf4 Nc6 7. d5 Ne5 8. Nc3
O-O 9. Qb3 c5 10. O-O Rb8 11. Bd2 h6 12. a4 a6 13. Rab1 Kh8 14. Qa2 g5 15. Ne6
Bxe6 16. dxe6 Qc8 17. b4 cxb4 18. Rxb4 a5 19. Rb5 Nxc4 20. Rxf5 b6 21. Be1 Qxe6
22. Rxf6 Bxf6 23. Bd5 Qg4 24. Bxc4 Be5 25. Be6 Qh5 26. Nd5 Rb7 27. Bc3 Bxc3 28.
Nxc3 Qg6 29. Nb5 Rf6 30. Bd5 Rb8 31. Qc4 Rbf8 32. Bg2 Qf5 33. Qc7 Qc5 34. e3
R6f7 35. Qxc5 bxc5 36. f4 Rf6 37. Rc1 Rb8 38. Bh3 Kg7 39. Kf2 h5 40. Ke2 g4 41.
Bg2 h4 42. gxh4 Rh6 43. Kf2 Rxh4 44. Kg3 Rh6 45. Rd1 Kf6 46. Rd5 Rbh8 47. e4
Rxh2 48. e5+ Ke6 49. f5+ Kxf5 50. exd6+ Ke6 51. Rxc5 exd6 52. Rc6 R2h3+ 53.
Bxh3 gxh3 54. Rxd6+ Ke5 55. Kh2 Rh4 56. Ra6 1/2-1/2

[Event "Copenhagen Chess Challenge 2008"]
[Site "Ballerup"]
[Date "2008.??.??"]
[Round "2"]
[White "Peschardt, Soren"]
[Black "Tikkanen, Hans"]
[Result "0-1"]
[WhiteElo "2130"]
[BlackElo "2437"]
[PlyCount "86"]
[EventDate "2008.??.??"]
[EventType "swiss"]
[EventRounds "9"]
[EventCountry "DEN"]

1. d4 g6 2. c4 Bg7 3. Nc3 d6 4. g3 Nd7 5. Bg2 e5 6. d5 f5 7. e4 Ngf6 8. Nge2
Nc5 9. Bg5 h6 10. Bxf6 Qxf6 11. O-O f4 12. f3 h5 13. Nb5 Na6 14. gxf4 exf4 15.
Nbd4 h4 16. h3 Qg5 17. Kh1 Be5 18. Rb1 Bd7 19. b4 O-O 20. Rg1 Qf6 21. Bf1 c5
22. dxc6 bxc6 23. Qa4 Nb8 24. Qd1 Kh7 25. Qd3 a5 26. b5 c5 27. Nb3 Be6 28. Rc1
Nd7 29. Nd2 a4 30. Nc3 Bd4 31. e5 Nxe5 32. Nce4 Nxd3 33. Nxf6+ Rxf6 34. Bxd3
Bxg1 35. Rxg1 Bf5 36. Ne4 Rff8 37. Ng5+ Kh6 38. Bxf5 Rxf5 39. Ne4 d5 40. cxd5
Rxd5 41. Rc1 Rb8 42. Nf6 Rf5 43. Ng4+ Kg7 0-1

[Event "Copenhagen Chess Challenge 2008"]
[Site "Ballerup"]
[Date "2008.??.??"]
[Round "2"]
[White "Rasmussen, Allan Stig"]
[Black "Grandelius, Nils"]
[Result "1/2-1/2"]
[WhiteElo "2510"]
[BlackElo "2388"]
[PlyCount "47"]
[EventDate "2008.??.??"]
[EventType "swiss"]
[EventRounds "9"]
[EventCountry "DEN"]

1. e4 e5 2. Nf3 Nc6 3. Bb5 Nf6 4. d3 Bc5 5. O-O Nd4 6. Nxd4 Bxd4 7. c3 Bb6 8.
Nd2 c6 9. Ba4 O-O 10. Nc4 Bc7 11. Ne3 d5 12. Qf3 d4 13. Nf5 Bxf5 14. exf5 dxc3
15. bxc3 Qd5 16. Qh3 Qa5 17. Bb3 Qxc3 18. Bg5 Rad8 19. Bxf6 gxf6 20. Qg3+ Kh8
21. Qh4 Kg7 22. Qg3+ Kh8 23. Qh4 Kg7 24. Qg3+ 1/2-1/2

[Event "Copenhagen Chess Challenge 2008"]
[Site "Ballerup"]
[Date "2008.??.??"]
[Round "2"]
[White "Semcesen, Daniel"]
[Black "Grabarczyk, Miroslaw"]
[Result "0-1"]
[WhiteElo "2351"]
[BlackElo "2493"]
[PlyCount "28"]
[EventDate "2008.??.??"]
[EventType "swiss"]
[EventRounds "9"]
[EventCountry "DEN"]

1. d4 d5 2. c4 e6 3. Nf3 Nf6 4. Nc3 Be7 5. Bg5 O-O 6. e3 h6 7. Bh4 Ne4 8. Bxe7
Qxe7 9. Qc2 Nxc3 10. Qxc3 dxc4 11. Bxc4 b6 12. O-O Bb7 13. Rfc1 Rc8 14. Bb5
Bxf3 0-1

[Event "Copenhagen Chess Challenge 2008"]
[Site "Ballerup"]
[Date "2008.??.??"]
[Round "3"]
[White "Almasy, Alexander Christian"]
[Black "Brauener, Jonathan"]
[Result "1/2-1/2"]
[WhiteElo "1755"]
[BlackElo "1920"]
[PlyCount "53"]
[EventDate "2008.??.??"]
[EventType "swiss"]
[EventRounds "9"]
[EventCountry "DEN"]

1. d4 Nf6 2. c4 e6 3. Nf3 b6 4. g3 Bb7 5. Bg2 d5 6. O-O Nbd7 7. Nbd2 Be7 8. b3
O-O 9. Bb2 c5 10. Rc1 Rc8 11. Re1 Ba8 12. Ng5 cxd4 13. Bxd4 dxc4 14. Bxa8 Rxa8
15. Nxc4 Rc8 16. Nf3 Bb4 17. Rf1 Qe7 18. Qd3 Rfd8 19. Qb1 b5 20. Ne3 a6 21. h3
h6 22. Rfd1 Ba3 23. Rc3 Rxc3 24. Bxc3 Rc8 25. Bd4 Qf8 26. Ne5 Nxe5 27. Bxe5
1/2-1/2

[Event "Copenhagen Chess Challenge 2008"]
[Site "Ballerup"]
[Date "2008.??.??"]
[Round "3"]
[White "Bejtovic, Jasmin"]
[Black "Rasmussen, Allan Stig"]
[Result "1/2-1/2"]
[WhiteElo "2364"]
[BlackElo "2510"]
[PlyCount "97"]
[EventDate "2008.??.??"]
[EventType "swiss"]
[EventRounds "9"]
[EventCountry "DEN"]

1. e4 c6 2. d4 d5 3. Nc3 dxe4 4. Nxe4 Bf5 5. Ng3 Bg6 6. Nf3 Nd7 7. h4 h6 8. h5
Bh7 9. Bd3 Bxd3 10. Qxd3 e6 11. Bd2 Ngf6 12. O-O-O Be7 13. Ne4 Nxe4 14. Qxe4
Nf6 15. Qe2 Qd5 16. c4 Qe4 17. Qxe4 Nxe4 18. Be3 O-O 19. Ne5 Rfd8 20. g4 f6 21.
Nd3 Kf7 22. Kc2 b5 23. b3 Nd6 24. Kc3 Ne4+ 25. Kc2 Rac8 26. Rhe1 Nd6 27. Kc3
Ne4+ 28. Kc2 Ng5 29. Bxg5 hxg5 30. Re4 f5 31. Ne5+ Kf6 32. Re2 fxg4 33. Nxg4+
Kf5 34. f3 bxc4 35. bxc4 Bd6 36. Re4 Rh8 37. Rde1 Rce8 38. d5 cxd5 39. cxd5
Rc8+ 40. Kd3 exd5 41. Rd4 Rc5 42. Ne3+ Kf6 43. Rxd5 Rxd5+ 44. Nxd5+ Kf5 45.
Ne7+ Kf6 46. Nd5+ Kf7 47. Rh1 Ke6 48. Ke4 Rc8 49. h6 1/2-1/2

[Event "Copenhagen Chess Challenge 2008"]
[Site "Ballerup"]
[Date "2008.??.??"]
[Round "3"]
[White "Christensen, Esben"]
[Black "Eriksson, Christian Altenburg"]
[Result "1/2-1/2"]
[WhiteElo "2038"]
[BlackElo "2129"]
[PlyCount "34"]
[EventDate "2008.??.??"]
[EventType "swiss"]
[EventRounds "9"]
[EventCountry "DEN"]

1. e4 c5 2. Nf3 Nc6 3. d4 cxd4 4. Nxd4 Nf6 5. Nc3 e5 6. Ndb5 d6 7. a4 a6 8. Na3
Be6 9. Bc4 Rc8 10. Bg5 Nd4 11. Bxf6 Qxf6 12. Qd3 Qd8 13. Nd5 Be7 14. c3 Nc6 15.
Rd1 Na5 16. Ba2 O-O 17. O-O Bg5 1/2-1/2

[Event "Copenhagen Chess Challenge 2008"]
[Site "Ballerup"]
[Date "2008.??.??"]
[Round "3"]
[White "Grabarczyk, Miroslaw"]
[Black "Smith, Axel"]
[Result "1-0"]
[WhiteElo "2493"]
[BlackElo "2428"]
[PlyCount "67"]
[EventDate "2008.??.??"]
[EventType "swiss"]
[EventRounds "9"]
[EventCountry "DEN"]

1. d4 d5 2. c4 c6 3. cxd5 cxd5 4. Nc3 Nf6 5. Bf4 Nc6 6. e3 e6 7. Bd3 Bd6 8.
Bxd6 Qxd6 9. f4 Bd7 10. Nf3 Ng4 11. Qd2 f5 12. O-O O-O 13. Rac1 Rac8 14. Ne5
Ncxe5 15. fxe5 Qe7 16. h3 Nh6 17. Ne2 Nf7 18. Qa5 Qg5 19. Nf4 Qg3 20. Qd2 Ng5
21. Kh1 Ne4 22. Bxe4 fxe4 23. Kg1 h6 24. Rxc8 Rxc8 25. Rc1 Rxc1+ 26. Qxc1 Kh7
27. Qd2 a5 28. Ne2 Qg5 29. Kh2 h5 30. g3 Qd8 31. Nf4 Kh6 32. h4 g5 33. hxg5+
Qxg5 34. Qxa5 1-0

[Event "Copenhagen Chess Challenge 2008"]
[Site "Ballerup"]
[Date "2008.??.??"]
[Round "3"]
[White "Grandelius, Nils"]
[Black "Ivanov, Mikhail"]
[Result "1/2-1/2"]
[WhiteElo "2388"]
[BlackElo "2492"]
[PlyCount "30"]
[EventDate "2008.??.??"]
[EventType "swiss"]
[EventRounds "9"]
[EventCountry "DEN"]

1. d4 Nf6 2. c4 c5 3. d5 b5 4. cxb5 e6 5. Nc3 exd5 6. Nxd5 Bb7 7. Nxf6+ Qxf6 8.
Nf3 d5 9. g3 Bd6 10. Bg2 Nd7 11. O-O O-O 12. Nd2 Nb6 13. e4 Be5 14. exd5 Bd4
15. Ne4 Qg6 1/2-1/2

[Event "Copenhagen Chess Challenge 2008"]
[Site "Ballerup"]
[Date "2008.??.??"]
[Round "3"]
[White "Haubro, Sigfred"]
[Black "Pallesen, Jacob"]
[Result "1-0"]
[WhiteElo "2130"]
[BlackElo "2038"]
[PlyCount "53"]
[EventDate "2008.??.??"]
[EventType "swiss"]
[EventRounds "9"]
[EventCountry "DEN"]

1. e4 c5 2. Nf3 e6 3. Be2 Nc6 4. d4 cxd4 5. Nxd4 Qc7 6. O-O a6 7. Be3 Nf6 8.
Nd2 d5 9. Nxc6 bxc6 10. Bd3 Be7 11. c4 O-O 12. Rc1 Qb8 13. b3 a5 14. h3 Rd8 15.
exd5 cxd5 16. Qe2 Ba6 17. Bg5 Qb4 18. Nf3 a4 19. Ne5 Bb7 20. Rfe1 axb3 21. axb3
Ra3 22. Nxf7 Kxf7 23. Qxe6+ Kf8 24. Bxf6 gxf6 25. Bxh7 Kg7 26. Qxe7+ Qxe7 27.
Rxe7+ 1-0

[Event "Copenhagen Chess Challenge 2008"]
[Site "Ballerup"]
[Date "2008.??.??"]
[Round "3"]
[White "Johansson, Alexander"]
[Black "Kludacz, Magdalena"]
[Result "0-1"]
[WhiteElo "2046"]
[BlackElo "2215"]
[PlyCount "86"]
[EventDate "2008.??.??"]
[EventType "swiss"]
[EventRounds "9"]
[EventCountry "DEN"]

1. d4 d5 2. e3 Nf6 3. Bd3 Bg4 4. f3 Bh5 5. Ne2 Bg6 6. O-O e6 7. c4 c6 8. b3 Be7
9. Nbc3 O-O 10. Bb2 c5 11. Rc1 cxd4 12. exd4 Bxd3 13. Qxd3 Nc6 14. a3 Rc8 15.
cxd5 Nxd5 16. b4 Nxc3 17. Rxc3 Bf6 18. Rfc1 Qd7 19. R3c2 Ne7 20. g3 Rxc2 21.
Rxc2 Rd8 22. Rd2 a6 23. Nc1 Nc6 24. Nb3 Qd5 25. Qe3 Bg5 26. f4 Bf6 27. Rd3 e5
28. g4 exd4 29. Qd2 g5 30. Rh3 Qe4 31. fxg5 Be5 32. Qd3 Qxg4+ 33. Kh1 Bg7 34.
Qxh7+ Kf8 35. Qd3 Re8 36. Rg3 Re1+ 37. Kg2 Qe2+ 38. Kh3 Qh5+ 39. Kg2 Re2+ 40.
Kf1 Rxb2 41. g6 Qxh2 42. Qf5 Qe2+ 43. Kg1 Qe1+ 0-1